书目信息 |
| 题名: |
中国市场消费报告
|
|
| 作者: | 张少龙 主编 ;杨圣明 著 | |
| 分册: | No.1 | |
| 出版信息: | 北京 社会科学文献出版社 2005 |
|
| 页数: | 409页 | |
| 开本: | 24cm | |
| 丛书名: | ||
| 单 册: | ||
| 中图分类: | F723.2 | |
| 科图分类: | ||
| 主题词: | 消费--市场--研究报告--中国 | |
| 电子资源: | ||
| ISBN: | 7-80149-950-6 | |
| 000 | 01329nam0 2200325 450 | |
| 000 | 01292nam0 2200313 450 | |
| 000 | 01265nam0 2200325 450 | |
| 000 | 01211nam0 2200301 450 | |
| 000 | 01207nam0 2200289 450 | |
| 000 | 01170nam0 2200277 45 | |
| 001 | TS2006026821 | |
| 005 | 20061220163014.00 | |
| 010 | @a7-80149-950-6@dCNY49.00 | |
| 100 | @a20060829d2005 em y0chiy0110 ea | |
| 101 | 0 | @achi@eeng |
| 102 | @aCN@b110000 | |
| 105 | @ay p 000yy | |
| 200 | 1 | @a中国市场消费报告@Azhong guo shi chang xiao fei bao gao@hNo.1@f张少龙等主编@FZhang Shao Long Deng Zhu Bian@g杨圣明等著@Gyang sheng ming deng zhu |
| 210 | @a北京@c社会科学文献出版社@d2005 | |
| 215 | @a409页@d24cm | |
| 330 | @a本书汇集了众多专家在市场消费领域研究的最新成果,报告针对我国消费市场的培育、发展和壮大,重点分析了消费与全面建设小康社会的关系,加入WTO后我国消费市场的形势,目前消费市场的热点以及港澳台地区消费市场的发展态势等。 | |
| 510 | 1 | @aReport on China's Market Consumption@hNo.1@zeng |
| 606 | 0 | @a消费@x市场@x研究报告@y中国 |
| 690 | @aF723.2@v4 | |
| 701 | 0 | @a张少龙@Azhang shao long@4主编 |
| 702 | 0 | @a杨圣明@Ayang sheng ming@f(1937~)@4著 |
| 801 | 0 | @aCN@b中图数据@c20061220 |
| 905 | @a10447@dF723.2@e31:1 | |
| 中国市场消费报告.No.1/张少龙等主编/杨圣明等著.-北京:社会科学文献出版社,2005 |
| 409页;24cm |
| ISBN 7-80149-950-6:CNY49.00 |
| 本书汇集了众多专家在市场消费领域研究的最新成果,报告针对我国消费市场的培育、发展和壮大,重点分析了消费与全面建设小康社会的关系,加入WTO后我国消费市场的形势,目前消费市场的热点以及港澳台地区消费市场的发展态势等。 |
| ● |
| 相关链接 |
|
|
|
|
正题名:中国市场消费报告
索取号:F723.2/31:1
 
预约/预借
| 序号 | 登录号 | 条形码 | 馆藏地/架位号 | 状态 | 备注 |
| 1 | 0606943 | 206069430 | 第一样本阅览室/ [索取号:F723.2/31:1] | 在馆 | |
| 2 | 0606944 | 206069449 | 第一借阅区/ [索取号:F723.2/31:1] | 在馆 | |
| 3 | 0606945 | 206069458 | 第一借阅区/ [索取号:F723.2/31:1] | 在馆 |